000 00313nam a2200109Ia 4500
001 1270418
005 20260417151349.0
008 260417s9999 xx 000 0 und d
020 _a9786258124255
245 0 _aGençler! İyiliğinizi İstiyorlar Sakın Vermeyin!
_cNeva Tezcan Topuz
260 _bBeyan Yayınları
999 _c1270418
_d1270418